Cyclisme - De A à Z #2 (coureurs, équipes...) - Statistiques

Statistiques générales
  • Ce quiz a été pris 183 fois
  • Le résultat moyen est 19 sur 26
Statistiques - réponses
Description Réponse % Correct
U Nom de la fédération internationale de cyclisme. UCI
94%
F Coureuse française championne du monde sur route, en VTT ou en cyclo-cross Pauline Ferrand-Prévot
93%
V Récompense attribuée chaque année depuis 1992 au meilleur cycliste de la saison Vélo d'or
91%
N Grimpeur italien surnommé le "Requin de Messine" Vincenzo Nibali
90%
J Coureur français polyvalent classé numéro 1 mondial en 1995, 1996, 1997 et 1999 Laurent Jalabert
89%
Q Ville du Finistère traversée à 5 reprises par le Tour de France, notamment en 2018 Quimper
89%
H Dans une course à étapes, un coureur qui franchit la ligne après le temps imparti est dit ____-_____ et ne peut pas prendre le départ le lendemain Hors-délais
88%
I Ville autrichienne où s’est déroulé le Championnat du monde sur route en 2018 Innsbruck
84%
D Le Tour ____ _____ est une course par étapes disputée en janvier en Australie Tour Down Under
83%
P Dernière ascension de Milan San Remo, culminant à quelques kilomètres de l'arrivée Poggio di San Remo
81%
E Equipe composée uniquement par des coureurs cyclistes originaires du Pays basque ou formés au Pays basque Euskaltel Euskadi
80%
T Premier secteur pavé noté 5 étoiles de Paris-Roubaix, réputé pour sa dangerosité Trouée d'Arenberg
78%
O Epreuve combinée de cyclisme sur piste (Scratch, Tempo, Elimination et Points) Omnium
74%
W SD _____ a terminé largement en tête du classement UCI des équipes féminines en 2024 SD Worx
73%
S Ancien nom du Team DSM entre 2017 et 2020 Team Sunweb
73%
K Championne du monde sur route en 2023 et 2024 Lotte Kopecky
71%
Z Spinteur allemand quadruple vainqueur de Milan-San Remo Erik Zabel
70%
C Surnommé "Campionissimo", il a remporté 5 fois le Giro Fausto Coppi
68%
M Quadruple champion du monde du contre-la-montre entre 2010 et 2016 Tony Martin
68%
R Surnommé Purito, il s'est classé numéro 1 mondial en 2010, 2012 et 2013 Joaquim Rodríguez
66%
L Grimpeur colombien surnommé "Superman" Miguel Ángel López
62%
X Nouveau sponsor de l'équipe Astana à partir de 2025 XDS Astana
57%
A Col situé dans la région des Asturies réputé comme l'un des plus difficiles au monde Alto de l'Angliru
56%
B Champion italien mais aussi messager clandestin pendant la Seconde Guerre mondiale Gino Bartali
55%
G Premier vainqueur du Tour de France en 1903 Maurice Garin
43%
Y Villes de l'ouest de la Flandre traversée par Gand-Wevelgem Ypres
38%
Aucun quiz correspondant
Distribution des résultats
% des personnes avec chaque résultat
Percentile par nombre de réponses
Votre historique - résultats
Vous n’avez pas pris ce quiz